000 02006cam a22002894a 4500
001 49011479
003 OCoLC
005 20250204113923.0
008 020208s2002 cou b 000 0 eng
020 _a1576832961
020 _a9781576832967
035 _a(OCoLC)49011479
040 _aDLC
_beng
_cDLC
_dCBC
_dBAKER
_dBTCTA
_dHNW
_dYDXCP
_dIG#
_dFHP
_dBDX
_dCFT
_dOCLCA
_dOCLCF
_dOCLCQ
_dZID
_dALSOM
_dQQ3
_dOCLCO
082 0 0 _a248.4
_221
_bWIL 1
100 1 _aWillard, Dallas,
_d1935-2013
245 1 0 _aRenovation of the heart :
_bputting on the character of Christ /
_cDallas Willard
260 _aColorado Springs, Colo. :
_bNavPress,
_c©2002
300 _a269 pages ;
_c24 cm
336 _atext
_btxt
_2rdacontent
337 _aunmediated
_bn
_2rdamedia
338 _avolume
_bnc
_2rdacarrier
504 _aIncludes bibliographical references
505 0 _aIntroducing spiritual formation : the "beyond within" and the way of Jesus -- The heart in the system of human life -- Radical evil in the ruined soul -- Radical goodness restored to the soul -- Spiritual change : the reliable pattern -- Transforming the mind, 1 : spiritual formation and the thought life -- Transforming the mind, 2 : spiritual formation and our feelings -- Transforming the will (heart or spirit) and character -- Transforming the body -- Transforming our social dimension -- Transforming the soul -- The children of light and the light of the world -- Spiritual formation in the local congregation
520 _aA bestselling author addresses a critical question for today: Why are so many Christians not growing closer to Christlikeness and still struggling with sinful strongholds? "Renovation of the Heart" establishes a foundational understanding of human nature and the process of bringing about change. It lays a foundation for understanding the ruin and restoration of humanity, by discussing human nature and its components, how they operate, and how they are renewed
650 0 _aSpiritual formation
942 _2ddc
_cBK
_n0
999 _c10616
_d10616